00625nab a2200193 uc450000100070000000500170000700800410002403500110006503500210007604000130009704100080011024500480011865000260016665000570019265000380024965000370028765000240032477300830034877271020240201184124.0020903e19681201 spa  a772710 a(OCoLC)819987690 ccomduadb aspa13aEl Liceo Departamental de Jesus (Concordia) aConcordia (Antioquia) aLiceo Departamental de Jesus - Concordia (Antioquia) aEducacion - Concordia (Antioquia) aConcordia (Antioquia) - Historia aEducacion masculina0 tDistritos (Medellín)gNo. 14, Dec. 1968. Concordia, p. 28-31w6321500160633